000
00325nam a22001457a 4500
999
_c
11259
_d
11259
003
OSt
008
220521b ||||| |||| 00| 0 eng d
020
_a
9789381841792
082
_a
355.02 TZA
100
_a
Tzu,Sun
245
_a
Art of war
260
_a
New Delhi
_b
Grapevine India
_c
2015
300
_a
210
942
_2
ddc
_c
BK